D.Justiniano Institutionum Libri IV ... (Registro nro. 255400)

Detalles MARC
000 -ENCABEZADO
Número de control [NR] 02903c a2200289 4500
005 - FECHA Y HORA DE LA ÚLTIMA TRANSACCIÓN
control field 20140903175125.0
008 - DE LONGITUD FIJA DE DATOS DE ELEMENTOS - INFORMACIÓN GENERAL
Elementos de longitud fija [NR] 940628s1869 sp fr 001 0 mul d
040 ## - FUENTE DE CATALOGACION [NR]
Agencia de catalogación original [NR] UCAR
Quien Cataloga Sandra Yazo
Quien Clasifica Sandra Yazo
041 0# - CODIGO DE IDIOMA [R]
Código de idioma para texto/pista de sonido o título separado [R] Español
-- Griego
082 04 - NUMERO DE CLASIFICACION DECIMAL DEWEY [R]
Número de la edición [NR] 20
Número de clasificación [R] 340.56
092 ## - SIGNATURA TOPOGRAFICA LOCAL
Número de clasificación local E30N019
100 1# - ASIENTO PRINCIPAL--NOMBRE PERSONAL [NR]
Nombre personal [NR] Gómez de la Serna, Pedro
Fechas asociadas con el nombre [NR] 1807-1871
ID Autoridad 62108
245 12 - MENCION DE TITULO [NR]
Título [NR] D.Justiniano Institutionum Libri IV ...
Parte restante del título [NR] Curso histórico-exegético del derecho romano comparado con el español.
Mención de responsabilidad, etc. [NR] por Pedro Gómez de la Serna
250 ## - MENCION DE EDICION [NR]
Mención de edición [NR] Cuarta edición.
260 1# - PUBLICACION, DISTRIBUCION, ETC. (PIE DE IMPRENTA) [R]
Lugar de publicación, distribución, etc. [R] Madrid
Nombre del editor, distribuidor, etc. [R] Librería de Sánchez
-- Imprenta de A. Peñuelas
Fecha de publicación, distribución, etc. [R] 1869
300 ## - DESCRIPCION FISICA [R]
Extensión [R] 2 volúmenes (xvi, 110, 620 ; 712 páginas )
Otros detalles físicos [NR] 25 x 16 cm.
500 ## - NOTA GENERAL [R]
Nota general [NR] Detalles físicos: Encuadernación rígida en cartón forrada en cuero, lomo con tejuelo y adornos en dorado. Guardas en papel de agua. Portada impresa en una tinta. Texto en una y dos columnas, notal al pie de página, márgenes amplias. Papel manchado.
505 2# - NOTA DE CONTENIDO CON FORMATO PREESTABLECIDO [R]
Nota de contenido con formato preestablecido [NR] V.1: Prólogo, Instituciones del Emperador Justiniano ; Libro primero: De la justicia y del derecho ; Del derecho natural, del gentes y civil ; Del derecho de las personas ; De los ingenuos ; De los libertinos ; De las personas que no pueden manumitir, y de las cuales que impiden hacerlo ; De la abrogación de la ley Furia Caninia ; De los que son dueños de sí mismos y de los que están sujetos a potestad ajena ; De la potestad paterna ; De las nupcias ; de las adopciones ; De los modos de disolverse la potestad ; De la tutela -- Libro segundo: De la división de las cosas ; De las cosas incorporales ; De las servidumbres ; Del usufructo ; Del uso y de la habitación ; De la usucapiones y posesiones de mucho tiempo ; De las donaciones ; De las personas que pueden o no enajenar ; De las personas que por medio de las que podemos adquirir -- V.2: Libro tercero: De las herencias abinteslado ; De la sucesión legítima de los agnados ; Del senado-consulto Tertuliano ; Del senado-consulto Orficiano ; De la sucesión de los cognados ; De los grados de cognación ; De la sucesión de los libertos ; De la consignación de los libertos ; De las bonorum posesiones ; De la adquisición de arrogación -- Libro cuarto: De las obligaciones que nacen del delito ; Del robo ; De la ley Aquilia ; De las injurias ; De las obligaciones que nacen como la de un delito ; De las acciones ; De los contratos celebrados con las personas que están en potestad ajena ; De las acciones noxales.
506 ## - NOTA DE RESTRICCIONES DE ACCESO [R]
Condiciones de acceso [NR] Consulta en sala.
546 ## - NOTA DE IDIOMA [R]
Nota de idioma [NR] Texto en español y griego.
650 #7 - ASIENTO SECUNDARIO DE MATERIA - TERMINO TEMATICO [R]
9 (RLIN) 12722
Término temático o nombre geográfico como elemento de entrada [NR] Derecho comparado
650 #7 - ASIENTO SECUNDARIO DE MATERIA - TERMINO TEMATICO [R]
9 (RLIN) 12765
Término temático o nombre geográfico como elemento de entrada [NR] Derecho español
650 #7 - ASIENTO SECUNDARIO DE MATERIA - TERMINO TEMATICO [R]
9 (RLIN) 12827
Término temático o nombre geográfico como elemento de entrada [NR] Derecho romano
690 ## - ASUNTO AGREGADO LOCAL DE ENTRADA - TÉRMINO TEMÁTICO (OCLC, RLIN)
9 (RLIN) 42766
Acceso temático local Derecho civil
856 41 - LOCALIZACION Y ACCESO ELECTRONICOS [R]
Identificador Uniforme del Recurso (“URI”) [R] <a href="https://www.yumpu.com/es/document/view/13363590/justiniani-institutionum-libri-iv-prout-ad-fidem-mssa-schradero-">https://www.yumpu.com/es/document/view/13363590/justiniani-institutionum-libri-iv-prout-ad-fidem-mssa-schradero-</a>
Nota dirigida al público [R] Disponible en línea V.1
942 ## - ELEMENTOS DE ENTRADA AGREGADOS (KOHA)
Tipo de ítem principal el descrito en 300a Libro
Edición 1
Sistema de clasificación DEWEY
Clasificación 340.56
Existencias
Suprimido Perdido Sistema de clasificación Dañado No prestable Tipo de ítem específico Ubicación habitual Ubicación actual Localización Fecha de creación Forma de adquisición Costo Volúmen / Fascículo Total préstamos Signatura topográfica Código de barras Última vez visto Ejemplar Price effective from Tipo de ítem
    LOCAL     Libro archivo Archivo Histórico Archivo Histórico Archivo histórico 03/06/2014 Donación 0.00 V.1   E30N019 L004209 03/06/2014 Ej.1 03/06/2014 Libro
    LOCAL     Libro archivo Archivo Histórico Archivo Histórico Archivo histórico 03/06/2014 Donación 0.00 V.2   E30N019 L004210 03/06/2014 Ej.1 03/06/2014 Libro